| 000 | 00699nam a2200217 a 4500 | ||
|---|---|---|---|
| 005 | 20250528063826.0 | ||
| 008 | 061003s2004 mx r 000 0 spa d | ||
| 020 | _a9583504572 | ||
| 035 | _aUPN01000147469 | ||
| 049 | _aCG | ||
| 050 | 4 |
_aK3611 G4.6 _bD4.7 |
|
| 245 | 0 | 0 |
_aDerecho, genoma humano y biotecnología / _ced. María Patricia Castaño de Restrepo. |
| 260 |
_aBogotá : _bTemis : _bSIDEME, _c2004. |
||
| 300 | _axxiv, 344 p. | ||
| 440 | 0 |
_aDerecho médico-sanitario ; _v2 |
|
| 650 | 4 |
_aINGENIERIA GENETICA - _xLEYES Y LEGISLACION _917148 |
|
| 650 | 2 |
_aBiotecnología _95161 |
|
| 650 | 2 |
_aGenoma humano _915264 |
|
| 700 | 1 |
_aCastaño de Restrepo, María Patricia, _eed. |
|
| 905 | _aLibro | ||
| 999 |
_c119614 _d119614 |
||